Statystyki dla II wojna światowa - test

Kliknij tutaj aby rozwiązać quiz!

Ogólne statystyki

  • Ten quiz został rozwiązany 1 417 razy
  • Średni wynik to 10 z 15

Statystyki odpowiedzi

ZagadnienieOdpowiedź% Poprawnych
Wojna między ZSRR a Finlandią trwająca od listopada 1939 r. do marca 1940 r. nazywana jestwojną zimową
94%
Baza, którą Japończycy zaatakowali 7 grudnia 1941 roku toPearl Harbor
89%
Akt kapitulacji Niemiec (7 i 8 maja 1945 roku) zakończył II wojnę światowąw Europie
88%
Własnej strefy okupacyjnej w Niemczech nie posiadała(y)Chiny
85%
Agresja ZSRR na Polskę miała miejsce17 września 1939 r.
82%
Układ zawarty przed wybuchem wojny między Niemcami a Związkiem Radzieckim 23 sierpnia 1939 roku, dotyczący m.in. podziału ziem polskich topakt Ribbentrop-Mołotow
81%
Do konsekwencji II wojny światowej nie zaliczamyzrzucenia bomby atomowej przez Niemcy na Hiroszimę i Nagasaki
77%
W konferencji w Teheranie w 1943 r. brali udział przywódcyWielkiej Brytanii, USA i ZSRR
75%
Po ataku Niemiec na Polskę Francja i Wielka Brytania wypowiedziały Niemcom wojnę, lecz nie podjęły działań ofensywnych. Wydarzenie to nazwanowojną siedzącą lub dziwną wojną
74%
Niemieckie żądania wobec Polski dotyczyływłączenia Wolnego Miasta Gdańska do III Rzeszy i przeprowadzenia przez terytorium Rzeczypospolitej eksterytorialnej autostrady i linii kolejowej
68%
Największą bitwą kampanii wrześniowej byłabitwa nad Bzurą
61%
Pancernik Schleswig-Holstein otworzył ogień w kierunku polskich żołnierzy ma Westerplatte 1 września 1939 roku o godzinie4.45
48%
Bitwa o Anglię trwałaod lipca do października 1940 r.
41%
Miastem najdłużej obleganym podczas II wojny światowej był (a)Leningrad
39%
Atak Niemiec na Danię i Norwegię miał miejsce9 kwietnia 1940 r.
38%

Rozkład punktacji

Percentyl według liczby udzielonych odpowiedzi

Procent ludzi z każdym wynikiem

Twoja historia wyników

Nie rozwiązałeś tego quizu